000 00378nam a22001457a 4500
999 _c1872
_d1872
008 200205b ||||| |||| 00| 0 eng d
020 _a8185015821
082 0 0 _a530
_bF435
100 _91482
_aFeynman, R. P.
245 1 0 _aLectures on physics /
_cby R. P. Feynman
260 _aNew Delhi:
_bNarosa Publishing,
_c1965.
300 _axxvi, 665 p.
650 0 _aPhysics
942 _cBK